|
|
|
|
| LEADER |
00000ny a22000003n 4500 |
| 005 |
20110606122314.0 |
| 008 |
971217s1991 sp s 000 0 spa c |
| 017 |
|
|
|a D.L. M43084-1991
|
| 020 |
|
|
|a 8471307294
|
| 035 |
|
|
|a 460
|
| 040 |
|
|
|a UMA.RE
|d vLex
|
| 040 |
|
|
|a UMA.TUR
|d vLex
|
| 080 |
|
|
|a 347(460)
|
| 090 |
|
|
|c 482
|d 482
|
| 245 |
0 |
0 |
|a Comentarios al Cd̤igo civil y compilaciones forales
|h [Recurso electrn̤ico]
|c dirigidos por Manuel Albaladejo y Silvia Da̕z Alabart
|
| 250 |
|
|
|a 2® ed
|
| 256 |
|
|
|a Servicio en ln̕ea
|
| 260 |
|
|
|a [Madrid] :
|b EDERSA,
|c D.L. 1991
|
| 300 |
|
|
|a XVII, 931 p. ;
|c 23 cm
|
| 500 |
|
|
|a Precede al tt̕.: Revista de Derecho Privado
|
| 505 |
0 |
|
|t Tomo I, Vol. 1, Artc̕ulos 1 a 7 del Cd̤igo civil /
|r comentados por Antonio Sǹchez Cabanillas... [et al.]
|
| 506 |
1 |
|
|a Contenido solo disponible en los productos indicados
|d vLex Global
|d vLex Global (Academic Edition, excluding Law Schools)
|d vLex Global (U.S. Academic Edition, Law Schools)
|d vLex Global (U.S. Academic Edition, excluding Law Schools)
|d vLex Global (Academic Edition, Law Schools)
|
| 650 |
|
|
|a Civil
|2 Tesauro vLex
|
| 650 |
|
|
|a Cd̤igo civil
|2 Tesauro vLex
|
| 650 |
|
|
|a Fuentes del derecho Civil
|2 Tesauro vLex
|
| 700 |
1 |
|
|a Albaladejo Garca̕, Manuel,
|e dir
|
| 700 |
1 |
|
|a Da̕z Alabart, Silvia,
|e dir
|
| 700 |
1 |
|
|a Sanchez Cabanillas, Antonio,
|e com
|
| 740 |
0 |
|
|a vLex Libros (Servicios en ln̕ea)
|
| 856 |
4 |
0 |
|u http://vlex.com/source/460
|z Acceso restringido
|
| 942 |
|
|
|c BOOK
|